000 00513nam a22001697a 4500
999 _c8951
_d8951
008 210306b ||||| |||| 00| 0 eng d
040 _aBMS College of Architecture
100 _aRaikar, R Rajan
245 _aThe beach resort Karwar
300 _a56p.
500 _a1BM08AT037
502 _8B.Arch
_NBMS College of Architecture, Visvesvaraya Technological University (VTU)
_aProject report
_d2013
650 _aKarwar
700 _aBhagyalaxmi M
_eGuide
700 _aK R Madhu Chand
_eGuide
942 _2ddc
_cTHE